[Event "Heraklion op 24th"]
[Site "Heraklion"]
[Date "2018.09.03"]
[Round "1"]
[White "Ntagiantas, Dimitrios"]
[Black "Lirindzakis, Timotheos"]
[Result "0-1"]
[WhiteElo "1217"]
[BlackElo "2143"]
[PlyCount "66"]
[EventDate "2018.09.03"]
[EventType "swiss"]
[EventRounds "9"]
[EventCountry "GRE"]
[SourceTitle "CBM 186 Extra"]
[Source "ChessBase"]
[SourceDate "2018.08.24"]
[SourceVersion "1"]
[SourceVersionDate "2018.08.24"]
[SourceQuality "1"]

1. d4 Nf6 2. c4 e6 3. Nf3 d5 4. e3 b6 5. a3 Bb7 6. Nc3 Nbd7 7. b4 c5 8. bxc5 bxc5 9. Bd2 Be7 10. Be2 cxd4 11. exd4 dxc4 12. Bxc4 0-0 13. 0-0 Rc8 14. Qe2 Nb6 15. Ba6 Bxa6 16. Qxa6 Nc4 17. Nb1 Qb6 18. Qxb6 axb6 19. Bb4 Bxb4 20. axb4 Nd5 21. b5 Ra8 22. Rxa8 Rxa8 23. Rc1 Nd6 24. Nbd2 Nxb5 25. h3 Nbc3 26. Kh2 Kf8 27. Nc4 Ra6 28. Nfe5 b5 29. Ne3 Ke7 30. Nxd5+ Nxd5 31. Nc6+ Kd6 32. Ne5 f6 33. Nd3 Ra4 0-1

[Event "Anogia op 6th"]
[Site "Anogia"]
[Date "2017.07.13"]
[Round "5"]
[White "Ntagiantas, Dimitrios"]
[Black "Navrotescu, Vlad Andrei"]
[Result "0-1"]
[WhiteElo "1159"]
[BlackElo "1580"]
[PlyCount "112"]
[EventDate "2017.07.10"]
[EventType "swiss"]
[EventRounds "9"]
[EventCountry "GRE"]
[SourceTitle "CBM 179 Extra"]
[Source "ChessBase"]
[SourceDate "2017.08.23"]
[SourceVersion "1"]
[SourceVersionDate "2017.08.23"]
[SourceQuality "1"]

1. d4 Nf6 2. c4 e6 3. Nf3 Bb4+ 4. Bd2 Qe7 5. a3 Bxd2+ 6. Nbxd2 d5 7. e3 0-0 8. Bd3 b6 9. 0-0 Bb7 10. Qc2 dxc4 11. Qxc4 Rc8 12. b4 Nbd7 13. Qc2 c5 14. bxc5 bxc5 15. dxc5 Nxc5 16. Rfd1 Nd5 17. Nb3 Nxb3 18. Qxb3 Rc3 19. Qb2 Rac8 20. Nd4 a6 21. Ne2 R3c6 22. Nf4 Nxf4 23. exf4 Qc7 24. Qe5 Kf8 25. Be4 Rb6 26. Qxc7 Rxc7 27. Bd3 Rb2 28. Rdb1 Rxb1+ 29. Rxb1 Rc3 30. Bf1 Be4 31. Rb8+ Ke7 32. Rb4 Bd3 33. Bxd3 Rxd3 34. Kf1 Rxa3 35. Ke2 Kf6 36. Rb1 h5 37. Kd2 g6 38. h4 Kf5 39. Rb7 f6 40. Rb4 a5 41. Rc4 a4 42. Ke2 Ra2+ 43. Ke3 Ra3+ 44. Ke2 Ra1 45. Ke3 Kg4 46. Ke2 a3 47. g3 a2 48. Ra4 Kf5 49. Kf3 e5 50. fxe5 Kxe5 51. Ke2 Ke6 52. Kf3 g5 53. hxg5 fxg5 54. Kg2 Kf5 55. f3 Ke5 56. Kf2 Rh1 0-1

[Event "Heraklion op"]
[Site "Heraklion"]
[Date "2014.09.02"]
[Round "1"]
[White "Lyrintzakis, T."]
[Black "Ntagiantas, Dimitrios"]
[Result "1-0"]
[WhiteElo "2235"]
[BlackElo "1280"]
[PlyCount "35"]
[EventDate "2014.09.02"]
[EventType "swiss"]
[EventRounds "6"]
[EventCountry "GRE"]
[SourceTitle "EXT 2015"]
[Source "ChessBase"]
[SourceDate "2014.11.20"]
[SourceVersion "1"]
[SourceVersionDate "2014.11.20"]
[SourceQuality "1"]

1. d4 d5 2. c4 c6 3. Nf3 Nf6 4. Nc3 Bf5 5. cxd5 cxd5 6. Qb3 b6 7. Ne5 e6 8. e4 dxe4 9. Bb5+ Nfd7 10. g4 Bg6 11. h4 a6 12. Bxd7+ Nxd7 13. h5 Nxe5 14. dxe5 Bc5 15. hxg6 fxg6 16. Qxe6+ Be7 17. Nxe4 Rf8 18. Nd6+ 1-0

[Event "Heraklio SOI op 11th"]
[Site "Heraklion"]
[Date "2014.04.21"]
[Round "1"]
[White "Kalogeris, Ioannis"]
[Black "Ntagiantas, Dimitrios"]
[Result "1-0"]
[WhiteElo "2075"]
[BlackElo "1155"]
[PlyCount "75"]
[EventDate "2014.04.21"]
[EventType "swiss"]
[EventRounds "7"]
[EventCountry "GRE"]
[SourceTitle "EXT 2024"]
[Source "ChessBase"]
[SourceDate "2023.10.10"]
[SourceVersion "1"]
[SourceVersionDate "2023.10.10"]
[SourceQuality "1"]

1. e4 c5 2. Nf3 Nc6 3. d4 cxd4 4. Nxd4 Nf6 5. Nc3 e5 6. Ndb5 Bb4 7. Nd6+ Bxd6 8. Qxd6 Qe7 9. Nb5 Qxd6 10. Nxd6+ Ke7 11. Nf5+ Ke8 12. Nxg7+ Kf8 13. Nf5 Nxe4 14. Bh6+ Ke8 15. Bd3 Nc5 16. 0-0-0 e4 17. Bxe4 Nxe4 18. Rhe1 d5 19. Rxd5 Bxf5 20. Rxf5 Nd4 21. Rxe4+ Ne6 22. f4 Rd8 23. Bg5 Rd4 24. Rxd4 Nxd4 25. Re5+ Kd7 26. Rd5+ Ke6 27. Rxd4 f6 28. Bh4 Rg8 29. Bg3 f5 30. Kd2 h5 31. Rd3 h4 32. Re3+ Kd5 33. Bxh4 Rxg2+ 34. Re2 Rg4 35. Bg3 Kd4 36. Re5 Rg8 37. c3+ Kc4 38. b3# 1-0

[Event "Iraklio SOI op-A 8th"]
[Site "Iraklio"]
[Date "2013.05.07"]
[Round "1"]
[White "Koumis, Filippos"]
[Black "Ntagiantas, Dimitrios"]
[Result "0-1"]
[WhiteElo "1717"]
[BlackElo "1005"]
[PlyCount "71"]
[EventDate "2013.05.06"]
[EventType "swiss"]
[EventRounds "7"]
[EventCountry "GRE"]
[SourceTitle "EXT 2024"]
[Source "ChessBase"]
[SourceDate "2023.10.10"]
[SourceVersion "1"]
[SourceVersionDate "2023.10.10"]
[SourceQuality "1"]

1. e4 c5 2. Nf3 d6 3. d4 cxd4 4. Nxd4 Nf6 5. Nc3 a6 6. Bg5 e5 7. Nb3 Be7 8. Qd2 0-0 9. 0-0-0 Be6 10. f4 Nbd7 11. f5 Bxb3 12. axb3 b5 13. Qe1 b4 14. Na4 a5 15. Bc4 h6 16. Bh4 Qc7 17. g4 Rfc8 18. g5 hxg5 19. Bxg5 Rab8 20. Qe2 Qb7 21. Ba6 Qxe4 22. Qxe4 Nxe4 23. Bxe7 Rc6 24. Rhe1 Nf2 25. Rxd6 Rc7 26. Bh4 Ng4 27. h3 Nh6 28. f6 Nf5 29. Red1 Nxd6 30. Rxd6 gxf6 31. Bd3 f5 32. Bxf5 Nc5 33. Nxc5 Rxc5 34. Rh6 a4 35. Bf6 Rxc2+ 36. Bxc2 0-1

[Event "Iraklio SOI op 7th"]
[Site "Iraklio"]
[Date "2013.01.03"]
[Round "3"]
[White "Stiakakis, Ioannis Leonidas"]
[Black "Ntagiantas, Dimitrios"]
[Result "1-0"]
[WhiteElo "1423"]
[BlackElo "1010"]
[PlyCount "53"]
[EventDate "2013.01.02"]
[EventType "swiss"]
[EventRounds "7"]
[EventCountry "GRE"]
[SourceTitle "EXT 2024"]
[Source "ChessBase"]
[SourceDate "2023.10.10"]
[SourceVersion "1"]
[SourceVersionDate "2023.10.10"]
[SourceQuality "1"]

1. e4 c5 2. Nf3 d6 3. d4 cxd4 4. Nxd4 Nf6 5. Nc3 e5 6. Nb3 Be7 7. Be2 0-0 8. Be3 Be6 9. h3 Nbd7 10. Qd2 Qc7 11. g4 b6 12. f3 Qb7 13. g5 Nh5 14. Rh2 f6 15. h4 f5 16. exf5 Rxf5 17. 0-0-0 Ng3 18. Rf2 Nxe2+ 19. Qxe2 h6 20. gxh6 gxh6 21. Bxh6 Bxh4 22. Rh2 Bg5+ 23. Bxg5 Rxg5 24. Rxd6 Bxb3 25. axb3 Rc8 26. f4 Rf5 27. Qg4+ 1-0

[Event "Crete Poa op"]
[Site "Crete"]
[Date "2012.04.29"]
[Round "7"]
[White "Polioudaki, Anna Maria"]
[Black "Ntagiantas, Dimitrios"]
[Result "0-1"]
[WhiteElo "1005"]
[BlackElo "1000"]
[PlyCount "90"]
[EventDate "2012.04.26"]
[EventType "swiss"]
[EventRounds "7"]
[EventCountry "GRE"]
[SourceTitle "EXT 2024"]
[Source "ChessBase"]
[SourceDate "2023.10.10"]
[SourceVersion "1"]
[SourceVersionDate "2023.10.10"]
[SourceQuality "1"]

1. e4 c5 2. Nf3 d6 3. d4 cxd4 4. Nxd4 Nf6 5. Nc3 e5 6. Nf3 Be6 7. Bg5 Nbd7 8. Bb5 h6 9. Be3 a6 10. Ba4 b5 11. Bb3 Bxb3 12. axb3 Be7 13. 0-0 0-0 14. b4 Re8 15. Re1 a5 16. Nxb5 axb4 17. Rxa8 Qxa8 18. Nc7 Qc8 19. Nxe8 Qxe8 20. c3 bxc3 21. b4 Nxe4 22. Qc2 Ndf6 23. b5 Qxb5 24. Rb1 Qe8 25. Ba7 Qd7 26. Rb8+ Kh7 27. Be3 Qc7 28. Rb1 d5 29. Nd2 g6 30. f3 Nxd2 31. Bxd2 Bc5+ 32. Kf1 d4 33. Be1 Nd5 34. Bf2 Qa5 35. Rd1 Qa6+ 36. Ke1 Nf4 37. Bg3 d3 38. Qxc3 Nxg2+ 39. Kf1 Ne3+ 40. Ke1 Nxd1 41. Kxd1 Qa4+ 42. Kc1 Be3+ 43. Kb2 Bd4 44. Bxe5 Bxc3+ 45. Bxc3 Qc2+ 0-1